000 00562nam a22001697a 4500
003 MACL
005 20160120150835.0
008 160120b xxu||||| |||| 00| 0 eng d
040 _cMACL
041 _aHindi
082 _a001/SIN
100 _aडॉ सरदार सिंह
_933683
245 _aसामान्‍य अध्‍ययन प्रैक्टिस वर्क बुक
260 _aआगरा
_bसाहित्‍य भवन पब्लिकेशन्‍स
_c2002
650 _aGeneralities
_91354
942 _2ddc
_cHIN
999 _c52821
_d52821